01076nam a2200289 a 45000010005000000030008000050050017000130080039000300350018000690350017000870400037001040410008001410820025001490980006001741000034001802450094002142600082003083000036003904900022004265040064004486510035005127400034005478300031005819420012006129990015006249520147006392604BD-RjUL20211208233604.0161227s1962 nyua b 000 0 eng a(BD-RjUL)2631 a(NNC)4728839 aDLCcHAMdSERdOCLdBD-RjULbeng aeng 223a338.96bBEH 1962 aJ1 aBenveniste, Guy,d1927-9841810aHandbook of African economic development /c[by] Guy Benveniste and William E. Moran, Jr. aNew York :bPublished for the Stanford Research Institute by Praeger,cc1962. axi, 178 p. :btables. ;c21 cm.1 aBooks that matter aBibliographical references included in "Notes" (p. 175-178) 0aAfricaxEconomic policy.9841901aAfrican economic development. 0aBooks that matter.9178219 2ddccBK c2604d2604 00102ddc40718NFICaRUCLbRUCLcReadingd1970-07-01eSwits & Zillingerg52.00l0o338.96 BEH 1962r2016-12-27 00:00:00tC-1w2016-12-27yBK